| 000 | 00561nam a2200205 a 4500 | ||
|---|---|---|---|
| 001 | 23676 | ||
| 003 | CO-ViMGA | ||
| 008 | 141112s2004 ck r 000 u spa d | ||
| 020 | _a9583013285 | ||
| 040 |
_aCO-ViMGA _bspa _cCO-ViMGA |
||
| 082 | 0 | 4 | _aREYm1 |
| 100 | 1 |
_aReyes, Maria Margarita _934226 |
|
| 245 | 1 | 0 |
_aMi gata / _cMaria Margarita Reyes |
| 260 |
_aColombia : _bpanAméricana |
||
| 300 | _a32p. | ||
| 490 | _aSueños de papel | ||
| 650 | 1 | 4 |
_a2 : GATOS - CUENTOS INFANTILES _934227 |
| 650 | 1 | 4 |
_aCUENTOS INFANTILES COLOMBIANOS _92369 |
| 942 |
_2ddc _cBK |
||
| 999 |
_c31780 _d31780 |
||